[Event "Vilnius Rating"]
[Site "Vilnius"]
[Date "2009.03.17"]
[Round "9"]
[White "Poderis, Justinas"]
[Black "Dobryninas, Julianas"]
[Result "1/2-1/2"]
[WhiteElo "1963"]
[BlackElo "2041"]
[PlyCount "36"]
[EventDate "2009.01.13"]
[EventType "tourn"]
[EventRounds "9"]
[EventCountry "LTU"]
[SourceTitle "EXT 2012"]
[Source "ChessBase"]
[SourceDate "2011.11.24"]
[SourceVersion "1"]
[SourceVersionDate "2011.11.24"]
[SourceQuality "1"]

1. Nf3 Nf6 2. g3 d5 3. d4 e6 4. Bg2 Be7 5. 0-0 0-0 6. c4 dxc4 7. Qc2 a6 8. a4 c5 9. dxc5 Bxc5 10. Nbd2 Nbd7 11. Nxc4 Nb6 12. Rd1 Qc7 13. Be3 Bxe3 14. Nxe3 Qxc2 15. Nxc2 Nbd5 16. Ne5 b6 17. e4 Ne7 18. Rd6 Rb8 1/2-1/2

[Event "Vilnius Rating"]
[Site "Vilnius"]
[Date "2009.02.03"]
[Round "4"]
[White "Latinis, Marius"]
[Black "Poderis, Justinas"]
[Result "1-0"]
[WhiteElo "1940"]
[BlackElo "1963"]
[PlyCount "125"]
[EventDate "2009.01.13"]
[EventType "tourn"]
[EventRounds "9"]
[EventCountry "LTU"]
[SourceTitle "EXT 2012"]
[Source "ChessBase"]
[SourceDate "2011.11.24"]
[SourceVersion "1"]
[SourceVersionDate "2011.11.24"]
[SourceQuality "1"]

1. c4 g6 2. d4 Bg7 3. e4 c6 4. Nc3 d5 5. cxd5 cxd5 6. e5 Nc6 7. Be2 a6 8. f4 Nh6 9. Bf3 e6 10. Nge2 Nf5 11. 0-0 Qb6 12. Na4 Qa7 13. Kh1 h5 14. b3 b5 15. Nc5 Nfxd4 16. Nxd4 Qxc5 17. Be3 Nxd4 18. Bxd4 Qc6 19. Rc1 Qb7 20. Bc5 Bd7 21. b4 Bf8 22. f5 gxf5 23. Bxf8 Rxf8 24. Bxh5 Rc8 25. Qd2 Rc4 26. Be2 Re4 27. Bf3 Rc4 28. Be2 Re4 29. Qb2 Qb8 30. Bf3 Qxe5 31. Qa3 Rh4 32. h3 Rfh8 33. Rc2 Qg3 34. Rff2 Re4 35. Qc3 Reh4 36. Rce2 Rg8 37. Qe1 Bc6 38. Rc2 Kd7 39. Qc1 Rc4 40. Rxc4 bxc4 41. Rd2 Ke7 42. Re2 Qd6 43. a3 Bb5 44. Rc2 Ba4 45. Rd2 Rc8 46. Qc3 Qf4 47. Rd4 Qd6 48. Kg1 Rd8 49. Be2 Qe5 50. Bf3 Bb3 51. Rxc4 Qxc3 52. Rxc3 Bc4 53. Kf2 e5 54. Be2 Bxe2 55. Kxe2 Ke6 56. Rc6+ Rd6 57. Rxd6+ Kxd6 58. h4 d4 59. h5 Ke7 60. a4 e4 61. b5 axb5 62. axb5 d3+ 63. Kd2 1-0

[Event "Vilnius Rating"]
[Site "Vilnius"]
[Date "2009.01.20"]
[Round "2"]
[White "Jurgaitis, Skirmantas"]
[Black "Poderis, Justinas"]
[Result "1/2-1/2"]
[WhiteElo "2036"]
[BlackElo "1963"]
[PlyCount "57"]
[EventDate "2009.01.13"]
[EventType "tourn"]
[EventRounds "9"]
[EventCountry "LTU"]
[SourceTitle "EXT 2012"]
[Source "ChessBase"]
[SourceDate "2011.11.24"]
[SourceVersion "1"]
[SourceVersionDate "2011.11.24"]
[SourceQuality "1"]

1. e4 e5 2. Nf3 Nc6 3. Bb5 Nf6 4. d3 d6 5. Nc3 g6 6. Nd5 Bg7 7. Bg5 h6 8. Nxf6+ Bxf6 9. Be3 Bd7 10. Qd2 Bg7 11. d4 exd4 12. Nxd4 Nxd4 13. Bxd7+ Qxd7 14. Bxd4 0-0 15. 0-0-0 Rfe8 16. Bxg7 Kxg7 17. Qd4+ f6 18. f3 Qe6 19. Kb1 a5 20. g4 Qe5 21. Qc4 c6 22. Qd4 Red8 23. h4 Qxd4 24. Rxd4 Kf7 25. Kc1 Rd7 26. Kd2 Rad8 27. Ke3 d5 28. Rhd1 Ke6 29. a4 1/2-1/2

[Event "LTU-ch U20"]
[Site "Vilnius"]
[Date "2007.02.01"]
[Round "6"]
[White "Poderis, Justinas"]
[Black "Sivickis, Edvardas"]
[Result "1/2-1/2"]
[WhiteElo "1974"]
[BlackElo "1929"]
[PlyCount "89"]
[EventDate "2007.01.29"]
[EventType "swiss"]
[EventRounds "9"]
[EventCountry "LTU"]
[SourceTitle "EXT 2010"]
[Source "ChessBase"]
[SourceDate "2010.11.25"]
[SourceVersion "1"]
[SourceVersionDate "2010.11.25"]
[SourceQuality "1"]

1. g3 g6 2. Bg2 Bg7 3. e4 d6 4. d4 Nf6 5. Ne2 0-0 6. 0-0 e5 7. h3 Nc6 8. Be3 Nh5 9. c3 Qe8 10. g4 Nf6 11. Ng3 Kh8 12. f4 exf4 13. Bxf4 Ne7 14. e5 Nfd5 15. exd6 Nxf4 16. Rxf4 cxd6 17. Qe1 Qd8 18. Rf2 Qc7 19. Na3 Be6 20. Qd2 a6 21. Ne4 f5 22. Ng5 Bg8 23. Re1 Qd7 24. Rfe2 Rae8 25. Ne6 Bxe6 26. Rxe6 Nc6 27. Qe2 Rxe6 28. Qxe6 Qxe6 29. Rxe6 fxg4 30. hxg4 Rd8 31. Nc4 Bf8 32. Bxc6 bxc6 33. Na5 Rc8 34. b3 Kg7 35. Nb7 Kf7 36. Re2 Be7 37. Na5 Bf6 38. Nc4 Rd8 39. Re3 Bg5 40. Re2 h5 41. gxh5 gxh5 42. Kg2 Be7 43. Kf3 Rg8 44. Na5 Rc8 45. Nc4 1/2-1/2

[Event "LTU-ch U20"]
[Site "Vilnius"]
[Date "2007.01.31"]
[Round "5"]
[White "Salickas, Vytenis"]
[Black "Poderis, Justinas"]
[Result "1-0"]
[WhiteElo "2048"]
[BlackElo "1974"]
[PlyCount "49"]
[EventDate "2007.01.29"]
[EventType "swiss"]
[EventRounds "9"]
[EventCountry "LTU"]
[SourceTitle "EXT 2010"]
[Source "ChessBase"]
[SourceDate "2010.11.25"]
[SourceVersion "1"]
[SourceVersionDate "2010.11.25"]
[SourceQuality "1"]

1. e4 c6 2. d4 d5 3. Nc3 g6 4. exd5 cxd5 5. Bf4 a6 6. g3 Bg7 7. Bg2 e6 8. Nf3 Ne7 9. Qd2 Nbc6 10. 0-0 Nf5 11. Ne2 0-0 12. c3 Bd7 13. g4 Nfe7 14. Bh6 b5 15. Bxg7 Kxg7 16. Ng3 Nc8 17. Qf4 Qf6 18. Qe3 Nd6 19. Ne5 Qd8 20. Kh1 Re8 21. Qf4 Qc7 22. Nxf7 e5 23. Qh6+ Kxf7 24. Bxd5+ Ke7 25. Qg5+ 1-0

[Event "LTU-ch U20"]
[Site "Vilnius"]
[Date "2007.01.30"]
[Round "2"]
[White "Poderis, Justinas"]
[Black "Liatukas, Mikas"]
[Result "0-1"]
[WhiteElo "1974"]
[BlackElo "2104"]
[PlyCount "98"]
[EventDate "2007.01.29"]
[EventType "swiss"]
[EventRounds "9"]
[EventCountry "LTU"]
[SourceTitle "EXT 2010"]
[Source "ChessBase"]
[SourceDate "2010.11.25"]
[SourceVersion "1"]
[SourceVersionDate "2010.11.25"]
[SourceQuality "1"]

1. d4 Nf6 2. g3 c5 3. e3 d6 4. Bg2 Nbd7 5. Ne2 g6 6. c3 Bg7 7. e4 0-0 8. h3 Rb8 9. Be3 Qc7 10. 0-0 b5 11. f4 Bb7 12. Nd2 Rbd8 13. f5 Nb6 14. b3 a5 15. Nf4 Nfd7 16. Rc1 Qb8 17. fxg6 hxg6 18. h4 b4 19. Nb1 bxc3 20. Nxc3 cxd4 21. Nxg6 fxg6 22. Rxf8+ Nxf8 23. Bxd4 Nbd7 24. Ne2 e5 25. Be3 Nf6 26. Nc3 Qa8 27. Qd3 Ba6 28. Qd2 Ng4 29. Bb6 Bh6 30. Qd5+ Qxd5 31. Nxd5 Bxc1 32. Bxd8 Bd2 33. Bc7 Ne3 34. Bxd6 Nxg2 35. Kxg2 Nd7 36. Kf3 Kf7 37. Nc7 Bd3 38. a3 Bc3 39. Nd5 Bb2 40. Bc7 Nc5 41. Ne3 Bxe4+ 42. Kg4 Nd3 43. h5 Nf2+ 44. Kh4 g5+ 45. Kxg5 Bc1 46. Bxe5 Bxe3+ 47. Bf4 Nh3+ 48. Kg4 Nxf4 49. gxf4 Bc1 0-1